000 00804nam a2200217 a 4500
001 BRCA_1330
005 20190320203358.0
008 990408s1997 mx-a---##b---#000-0#spa-#
040 _aDLC
_cDLC
050 4 _aCR222
_b.G66 1997
100 1 _aGómez Tepexicuapan, Amparo
_94353
245 1 0 _aLa evolución del escudo nacional
_cAmparo Gómez Texpexicuapan, Francisco González-Hermosillo.
260 _aMéxico
_bMuseo Nacional de Historia
_c1997
300 _a50 p.
_bil. a color
_c28 cm.
500 _aCatálogo de la Sala de Banderas del Museo Nacional de Historia (Ciudad de México)
504 _aBibliografía : p. 45
650 1 4 _aEmblemas nacionales
_xHistoria
_zMéxico
_94354
650 1 4 _aBanderas
_xHistoria
_zMéxico
_94355
700 1 _aGonzález-Hermosillo, Francisco
_94356
942 _2lcc
_cB
999 _c1194
_d1194